Integrovaná výuka přírodovědných předmětů /

Hlavní autor: Bílek, Martin, 1964-
Korporativní autor: Univerzita Palackého. Přírodovědecká fakulta
Další autoři: Rychtera, Jiří, 1945-, Slabý, Antonín
Jazyk: Čeština
Vydáno: Olomouc : Univerzita Palackého v Olomouci, 2008
Vydání: 1. vyd.
Témata:
Fyzický popis: 47 s. ; 21 cm
Knihy
Uloženo v:
LEADER 02320nam a2200577 a 4500
001 nkc20081798126
003 CZ PrNK
005 20080616114031.0
007 ta
008 080410s2008 xr f f 000 0 cze
015 |a cnb001798126 
020 |a 978-80-244-1881-0  |q (brož.) :  |c neprodejné 
035 |a (OCoLC)236561262 
040 |a ABA001  |b cze 
072 7 |a 37  |x Výchova a vzdělávání  |2 Konspekt  |9 22 
080 |a 5:37.016  |2 MRF 
080 |a 37.0:5  |2 MRF 
080 |a 37.091.31-044.247  |2 MRF 
080 |a 37.091.3  |2 MRF 
080 |a 373.5/.6+377.1/.3  |2 MRF 
080 |a (072)  |2 MRF 
100 1 |a Bílek, Martin,  |d 1964-  |7 mzk2003173196  |4 aut 
245 1 0 |a Integrovaná výuka přírodovědných předmětů /  |c Martin Bílek, Jiří Rychtera, Antonín Slabý 
250 |a 1. vyd. 
260 |a Olomouc :  |b Univerzita Palackého v Olomouci,  |c 2008 
300 |a 47 s. ;  |c 21 cm 
500 |a Vydáno v rámci projektu Modulární přístup v počátečním vzdělávání učitelů přírodovědných předmětů pro střední školy, reg. č. CZ.04.1.03/3.2.15.2/0263 
500 |a Nad názvem: Univerzita Palackého v Olomouci, Přírodovědecká fakulta 
504 |a Obsahuje bibliografii 
650 0 7 |a přírodovědné předměty  |7 ph124942  |2 czenas 
650 0 7 |a přírodovědné vzdělávání  |7 ph344088  |2 czenas 
650 0 7 |a integrovaná výuka  |7 ph121130  |2 czenas 
650 0 7 |a studium a výuka  |7 ph136700  |2 czenas 
650 0 7 |a střední školy  |7 ph116320  |2 czenas 
650 0 7 |a základní školy  |7 ph116795  |2 czenas 
650 0 9 |a natural history school subjects  |2 eczenas 
650 0 9 |a science education  |2 eczenas 
650 0 9 |a integrated teaching  |2 eczenas 
650 0 9 |a study and teaching  |2 eczenas 
650 0 9 |a secondary schools  |2 eczenas 
650 0 9 |a elementary schools  |2 eczenas 
655 7 |a metodické příručky  |7 fd132826  |2 czenas 
655 9 |a methodological manuals  |2 eczenas 
700 1 |a Rychtera, Jiří,  |d 1945-  |7 mzk2003173841  |4 aut 
700 1 |a Slabý, Antonín  |7 mzk2008443041  |4 aut 
710 2 |a Univerzita Palackého.  |b Přírodovědecká fakulta  |7 kn20010709377 
910 2 |a BOA001  |b 2-1201.582 
990 |a BK 
995 |a 01 
991 |b 200804  |c NOV 
996 6 |b 2610339349  |c 2-1201.582  |l MZK  |r Sklad / do 1 hodiny  |n 3  |p p.v.  |w 000890998  |u 000010  |a 1  |e BOA001  |j MZK50  |s P